Countries with Most Visitors to International Space Station - Statistics

General Stats
  • This quiz has been taken 152 times
    44 since last reset
  • The average score is 17 of 23
Answer Stats
No. of visitors
Country % Correct
9 Canada
97%
11 Japan
97%
61 Russia
97%
167 United States
97%
4 France
92%
4 Germany
92%
1 United Kingdom
92%
6 Italy
90%
1 Spain
90%
1 Belgium
85%
1 Brazil
85%
1 Netherlands
85%
2 Sweden
82%
1 South Korea
79%
1 Denmark
77%
1 Turkey
74%
1 South Africa
59%
2 Saudi Arabia
56%
1 United Arab Emirates
51%
1 Israel
46%
1 Kazakhstan
36%
1 Malaysia
33%
1 Belarus
21%
No matching quizzes found
Score Distribution
Percent of People with Each Score
Percentile by Number Answered
Your Score History
You have not taken this quiz since the last reset